| 000 | 01869nam a22003255a 4500 | ||
|---|---|---|---|
| 003 | OSt | ||
| 005 | 20180104143626.0 | ||
| 008 | 180104s2013 ua o frb 001 0 ara d | ||
| 017 | _a2004 / 5826 | ||
| 020 | _a9772084724 | ||
| 040 |
_aEG-ScBUE _bara _cEG-ScBUE |
||
| 041 | 1 |
_aara _aeng _heng |
|
| 082 | 0 | 4 |
_a355.003 _bح ض ر _222 |
| 100 | 1 | _aحضري، شريف. | |
| 245 | 1 | 2 |
_aالمعجم العسكري المصور : _bإنجليزي - عربي = Illustrated military dictionary : English - Arabic : هيكل تنظيمي - نظام التعبئة والاستدعاء - أسلحة الدمار الشامل - النقل والمواصلات - الاتصالات - أنظمة تسليح - مخابرات - الحرب البرية والجوية والبحرية والفضائية - شئون إدارية - إنقاذ واستعادة وإخلاء - قيادة وسيطرة - الاختصارات / _cإعداد وترجمة شريف الحضري. |
| 246 | 3 | 1 |
_aIllustrated military dictionary : _bEnglish - Arabic |
| 246 | 3 | 4 |
_aالمعجم العسكري المصور : _bإنجليزي - عربي : مع مسرد ألفبائي (عربي - إنجليزي) موسع |
| 250 | _aط. 1. | ||
| 260 |
_aالقاهرة : _bمكتبة مدبولي، _c2013. |
||
| 300 |
_a1118، 111 ص. : _bصور (لو.) ؛ _c28 سم. |
||
| 500 | _aيشتمل على ملحق صور. | ||
| 500 | _aيشتمل على ملحق بالمختصرات الأجنبية. | ||
| 504 | _aيشتمل على قائمة ببليوجرافية. | ||
| 541 |
_aأ. محمد فريد خميس ؛ _cإهداء ؛ |
||
| 546 | _aالنص باللغتين العربية والإنجليزية ؛ مترجم من اللغة الإنجليزية. | ||
| 650 | 7 |
_aالعلوم الحربية _vمعاجم. _2BUEsh |
|
| 651 | _2BUEsh | ||
| 653 |
_bGGEN _bBUSBOL _cJanuary2018 |
||
| 942 | _2ddc | ||
| 999 |
_c25861 _d25833 |
||